Quizzes
Events
Quiz Creation
Community
Videos
Private Events
Remove Ads
Sign In
Join for FREE
Feedback
Dark Mode
Quiz Categories
Sports
Geography
Music
Movies
Television
Just For Fun
Miscellaneous
History
Literature
Language
Science
Gaming
Entertainment
Religion
Holiday
For Kids
Quiz Lab
Recent
Popular Today
Quiz Kudos Today
Editor Picks
Curator Picks
Quizzes by...
Day
Popularity
Type
Ratings
Length
Year
Community
Subscriptions
Recent Discussions
Orange Saloon
Badges
Playlists
Quests
Create
Leaderboards
Showdown
Live 5
Trivia Bingo
Activity
Puzzle Library
Sporcle Events
Private Events
Virtual Trivia
Globe League
Become a Host
Pub Owners
SporcleCon
Opinionation
Our Games
Videos
Blog
Mobile Apps
Partnerships
Remove Ads and Go Orange
Feedback
Movies
Disney
Marvel Cinematic Universe
Movie Resume
Movie Titles
Oscar
Actor
Actress
Director
Pixar
Role
Movie Quotes
Movie Characters
Box Office
Nominee
Best Picture
Star Wars
James Bond
Horror Movies
Movies
Disney
Marvel Cinematic Universe
Movie Resume
Movie Titles
Oscar
Actor
Actress
Director
Pixar
Role
Movie Quotes
Movie Characters
Box Office
Nominee
Best Picture
Star Wars
James Bond
Horror Movies
Random Quiz
Search Sporcle
×
Quiz Lab
Quiz Lab
Movies
Disney
Select answers by clicking on text or image buttons
Select answers by clicking on text or image buttons
Clickable
Best Score? Go Orange.
Disney Movies By Ending Stats
Can you pick the Disney & Disney/Pixar movies by the ending given to you?
By
arichards12
7m
50 Questions
1,539 Plays
1,539 Plays
1,539 Plays
Comments
Comments
Give Quiz Kudos
Give Quiz Kudos
-
- Ratings
hide this ad
Forced Order
Answers have to be entered in order
Answers have to be entered in order
Replay
Link that replays current quiz
Next Quiz
Link to next quiz in quiz playlist
You Got
0%
They Got
Avg Score
79%
Avg Friend Score
Upgrade to see
Score Distribution
Jump to the score distribution portion of the page
Score
0/50
Timer
07:00
0
Plays Today
% Correct
The Lion King
86.5%
Beauty and the Beast
86.5%
Cinderella
86.4%
Aladdin
85.6%
The Little Mermaid
85.4%
Ratatouille
85.4%
Finding Nemo
85.1%
Mulan
85%
Tangled
84.9%
Cars
84.6%
One Hundred and One Dalmatians
84.4%
The Princess and the Frog
84.2%
Wall-E
83.9%
Wreck-It Ralph
83.9%
Pinocchio
83.5%
Pocahontas
83.5%
The Hunchback of Notre Dame
83.1%
Lilo & Stitch
82.6%
Toy Story 2
82.5%
Toy Story 3
82.2%
Brave
82.2%
Oliver and Company
82%
The Emperor's New Groove
82%
The Incredibles
81.8%
The Sword in the Stone
81.6%
% Correct
Toy Story
81%
Peter Pan
80%
A Bug's Life
79.9%
Hercules
79.8%
Sleeping Beauty
79.8%
Monsters, Inc.
79.6%
The Brave Little Toaster
79.1%
The Fox and the Hound
78.3%
Tarzan
78.1%
The Rescuers
77.4%
Robin Hood
76.6%
Atlantis: The Lost Empire
76.4%
Lady and the Tramp
75.8%
Alice in Wonderland
75.7%
The Great Mouse Detective
74.3%
The Aristocats
74%
Snow White and the Seven Dwarfs
72.8%
The Jungle Book
72.5%
A Goofy Movie
72.2%
Dumbo
69.8%
Mars Needs Moms
68.5%
Dinosaur
67.3%
Chicken Little
62.3%
The Black Cauldron
61.7%
James and the Giant Peach
58.6%
Quiz Playlist
Details
Report
Send in Message
Add To Playlist
Clickable:
Select answers by clicking on text or image buttons
Forced Order:
Answers have to be entered in order
Last Updated: Feb 16, 2017
Quiz Scoreboard
CHALLENGE
Sign Up to Join the Scoreboard
Show All
Scores
Hide
Comments
May contain spoilers
Recently Published
Popular People in 1961
by mucciniale
History
6m
1-10 Letter E Words III
by El_Dandy
Language
2m
One Thing in Common: World Cities II
by knightlancer
Geography
7m
More to Explore
Quiz From the Vault
Featured Blog Post
Where Did the Easter Bunny Come From?
hide this ad
You Might Also Like...
Tags
Disney Quiz
Disney Films
Disney World
Today's Top Quizzes in Movies
Browse Movies
hide this ad
Today's Top Quizzes in Disney
Browse Disney
Top Contributed Quizzes in Movies
1
Multi-Oscar Nominations, One Movie, One Winner
2
12 Movies about Fictional 1960s Events
3
One Thing in Common: Movies
4
Three Word 'T' Movies Match Up
5
Sunday Crossword: Film Score Composers
6
One Thing in Common: Movies II
7
Three Word 'H' Movies Match Up
8
Three Word 'M' Movies Match Up
9
One Thing in Common: Oscars
10
Three Word 'P' Movies Match Up
Explore More
Trending Topics
Harry Potter
NBA
Disney
Crossword
Kpop
Anime
Marvel
WWE
Song
Puzzle
Pokémon
NFL
Country
The Office
Soccer
hide this ad
More By:
arichards12
Quiz
Plays
Rating
Category
Featured
Created
Disney Movies By Tagline
131,474
4.54
Movies
May 2, 2013
Dangerously Disney
83,458
4.48
Movies
Jun 13, 2013
Disney Movies By Ending
1,539
4.86
Movies
May 1, 2013
Whatchu know bout Grimm?
879
4.00
Television
May 2, 2013
Go to Creator's Profile
Score Distribution
Quiz Creator Spotlight
arichards12
Follow
Send a Message
Quizzes Created
-
Created Quiz Play Count
-
More By This Creator
Popular Quizzes Today
1
Find the US States - No Outlines Minefield
2
The Countries of the World
3
Find the Countries of Europe - No Outlines Minefield
4
Popular People in 1961
5
1-10 Letter E Words III
6
Find the US States
7
One Thing in Common: World Cities II
8
US States
More Movies Quizzes
Characters in 1974 Movie Posters
Quiz Lab
Trending Quizzes
Risky Map Clicking: Least Populous States A-Z
1-10 Letter F Words
1-10 Letter G Words
One Thing in Common: United Kingdom
Risky Map Clicking: Next State Alphabetically
Recently Updated
Leaping Animals
pecheneg
Reality TV Shows (A-Z)
bhenderson79
Rickey Henderson's Hall of Fame Teammates
pecheneg
Champions League XIs: Arsenal
pecheneg
Quick Pick: Celebrities in WWE's Hall of Fame
aduchscher
A-Z Keypad Blitz II
pecheneg
Multiple Oscar Actors
pecheneg
Mystery Phrase Blitz: Oscar 'Best Actors'
pecheneg
F. Scott Fitzgerald Novels
LTH
Pick 3 Villains
ddd62291
Trending Topics
Kpop
NBA
Crossword
Harry Potter
Marvel
Anime
Disney
NFL
Pokémon
WWE
Soccer
The Office
Puzzle
Song
Country
Your Account Isn't Verified!
In order to create a playlist on Sporcle, you need to verify the email address you used during registration. Go to your
Sporcle Settings
to finish the process.
Report this User
Report this user for behavior that violates our
Community Guidelines
.
Details:
Send Report
Go to the Sporcle.com Mobile Site →
Comments